| 000 | 01291cam a22003131 4500 | ||
|---|---|---|---|
| 001 | 5403 | ||
| 003 | BD-RjUL | ||
| 005 | 20211208234048.0 | ||
| 008 | 131226s19511936enk 001 0 eng | ||
| 035 | _a(BD-RjUL)5439 | ||
| 035 | _a(OCoLC)8878466 | ||
| 040 |
_aDLC _cICarbS _dICarbS _dOCoLC _dDLC _beng |
||
| 041 | 1 |
_aeng _hund |
|
| 082 |
_a335.4092 _bMEK 1951 |
||
| 100 | 1 |
_aMehring, Franz, _d1846-1919. _916982 |
|
| 245 | 1 | 0 |
_aKarl Marx : _bthe story of his life / _cby Franz Mehring; with illustrations and facsimile reproductions, notes by the author, an appendix prepared under the direction of Eduard Fuchs on the basis of the researches of the Marx-Engels institute, a bibliography and an index. Translated by Edward Fitzgerald. |
| 260 |
_aLondon : _bJohn Lane, _cc1936 [reprinted 1951,1966] |
||
| 300 |
_a2 p. l., vii-xxi p., 1 l., 575 p. _bfront. (port.) illus. (facsims.) pl. _c23 cm. |
||
| 500 | _a"Notes as to sources": p. 533-538. | ||
| 504 | _aBibliography: p. 557-565. | ||
| 520 | _aincludes index | ||
| 526 | _bHistory | ||
| 600 | 1 | 0 |
_aMarx, Karl, _d1818-1883. _9155594 |
| 700 | 1 |
_aFitzGerald, Edward, _etr. _916983 |
|
| 700 | 1 |
_aFuchs, Eduard, _d1870-1940. _916984 |
|
| 710 | 2 |
_aInstitut K. Marksa i F. Ėngelʹsa. _916985 |
|
| 942 |
_2ddc _cBK |
||
| 999 |
_c5403 _d5403 |
||